Ekonomika založená na znalostiach
Ekonomika založená na poznatkoch, nová etapa transformácie spoločnosti. Vedomosti, informácie a schopnosť premeny na poznatky. Základné vymedzenie ekonomiky založenej na vedomostiach. Formovanie znalostnej ekonomiky v podmienkach SR.
Salvato in:
| Autore principale: | |
|---|---|
| Natura: | Capitolo di libro |
| Lingua: | slovacco |
| Soggetti: | |
| Tags: |
Nessun Tag, puoi essere il primo ad aggiungerne!!
|
MARC
| LEADER | 00000nla$a2200000$$$4500 | ||
|---|---|---|---|
| 001 | 0099633 | ||
| 005 | 20240502072109.3 | ||
| 041 | 0 | |a slo | |
| 044 | |a SK | ||
| 245 | 1 | 0 | |a Ekonomika založená na znalostiach |c Elena Fifeková |
| 520 | |a Ekonomika založená na poznatkoch, nová etapa transformácie spoločnosti. Vedomosti, informácie a schopnosť premeny na poznatky. Základné vymedzenie ekonomiky založenej na vedomostiach. Formovanie znalostnej ekonomiky v podmienkach SR. | ||
| 610 | 2 | 0 | |a ekonomika vedomostná |
| 610 | 2 | 0 | |a Slovensko |
| 610 | 2 | 0 | |a transformácia |
| 610 | 2 | 0 | |a vývoj hospodársky |
| 610 | 2 | 0 | |a výskum ekonomický |
| 610 | 2 | 0 | |a informácie ekonomické |
| 610 | 2 | 0 | |a projekty |
| 100 | 1 | |a Fifeková, Elena | |